00894nam a2200193 a 450000100100000000500170001000800410002704000250006808200320009324501610012526000350028630000350032165100640035665100600042070000300048070000250051070000300053571001350056500004350020201002044822.0110316s2013 dr ad 000 0 spa d aDO-SdBNPbspacBNPHU a330.97293bA532d, 2008-200900aAnálisis del desempeño económico y social de la República Dominicana 2008 - 2009 /ccoordinadores Madaglena Lizardo, Alexis Cruz, Ángeles Calzada. aSanto Domingo :bMEPyD,c2013. a83 p. :bil., diagr. ;c28 cm. 4aRepública DominicanaxCondiciones Económicasy2008-2009 4aRepública DominicanaxCondiciones Socialesy2008-200912aLizardo Magdalenaecoord.12aCruz, Alexisecoord.12aCalzada, Ángelesecoor.12aRepública Dominicana.bMinisterio de Economía, Planificación y Desarrollo. Unidad Asesora de Análisis Económico y Social